00681 2200217 4500001002100000005001700021008004100038035002400079082000800103090001900111100002100130245009800151260002800249300003000277500007800307500002700385650002100412850000900433985000600442999001500448YOGYA-0209000007239420090227093624.0 ind  0010-020900000072394 a647 a647bDam PlSK aDAMARWANTI, Seri aPerilaku wisatawan domestik terhadap jasa penginapan di Kota Madya YogyakartacSeri Damarwati aYogyakartab[s.n]c1995 axiv,136lembarbIlusc29cm aSekripsi fak.Ekonomi Universitas Pembangunan Nasional,Veteran" Yogyakarta aBibliografi:lembar 131 aHotel,losmen,dsb aBPAD a1 a08A0036536